NFL Top 10 Rushing Yards 1980s - Statistics

General Stats
  • This quiz has been taken 59 times
  • The average score is 58 of 100
Answer Stats
Year Team Player % Correct
1989: 2 Lions Barry Sanders
98%
1989: 3 Colts Eric Dickerson
91%
1988: 1 Colts Eric Dickerson
91%
1987: 2 Rams/Colts Eric Dickerson
91%
1986: 1 Rams Eric Dickerson
91%
1985: 8 Rams Eric Dickerson
91%
1984: 1 Rams Eric Dickerson
91%
1983: 1 Rams Eric Dickerson
91%
1986: 5 Bears Walter Payton
91%
1985: 3 Bears Walter Payton
91%
1984: 2 Bears Walter Payton
91%
1983: 4 Bears Walter Payton
91%
1982: 10 Bears Walter Payton
91%
1981: 8 Bears Walter Payton
91%
1980: 2 Bears Walter Payton
91%
1987: 10 Raiders Marcus Allen
84%
1985: 1 Raiders Marcus Allen
84%
1984: 10 Raiders Marcus Allen
84%
1982: 4 Raiders Marcus Allen
84%
1983: 7 Oilers Earl Campbell
81%
1981: 5 Oilers Earl Campbell
81%
1980: 1 Oilers Earl Campbell
81%
1989: 10 49ers Roger Craig
79%
1988: 3 49ers Roger Craig
79%
1987: 8 49ers Roger Craig
79%
1989: 6 Bills Thurman Thomas
79%
1985: 6 Cowboys Tony Dorsett
77%
1984: 7 Cowboys Tony Dorsett
77%
1983: 6 Cowboys Tony Dorsett
77%
1982: 2 Cowboys Tony Dorsett
77%
1981: 2 Cowboys Tony Dorsett
77%
1980: 7 Cowboys Tony Dorsett
77%
1988: 6 Chargers Gary Anderson
74%
1989: 4 Bears Neal Anderson
74%
1988: 7 Bears Neal Anderson
74%
1984: 9 Cardinals Ottis Anderson
74%
1983: 8 Cardinals Ottis Anderson
74%
1981: 6 Cardinals Ottis Anderson
74%
1980: 3 Cardinals Ottis Anderson
74%
1989: 1 Chiefs Christian Okoye
72%
1984: 6 Redskins John Riggins
72%
1983: 5 Redskins John Riggins
72%
1982: 9 Steelers Franco Harris
65%
1988: 2 Cowboys Herschel Walker
63%
1987: 6 Cowboys Herschel Walker
63%
1987: 1 Rams Charles White
58%
1988: 9 Bengals Ickey Woods
58%
1982: 8 Bengals Pete Johnson
58%
1987: 7 Falcons Gerald Riggs
53%
1986: 6 Falcons Gerald Riggs
53%
1985: 2 Falcons Gerald Riggs
53%
1984: 4 Falcons Gerald Riggs
53%
1985: 7 Buccaneers James Wilder
53%
1984: 3 Buccaneers James Wilder
53%
1988: 10 Seahawks Curt Warner
51%
1987: 3 Seahawks Curt Warner
51%
1986: 3 Seahawks Curt Warner
51%
1983: 3 Seahawks Curt Warner
51%
1986: 10 Lions James Jones
51%
1980: 10 Vikings Ted Brown
51%
1986: 7 Redskins George Rogers
49%
1983: 10 Saints George Rogers
49%
1981: 1 Saints George Rogers
49%
1982: 5 Lions Billy Sims
47%
1981: 3 Lions Billy Sims
47%
1980: 5 Lions Billy Sims
47%
1988: 8 Giants Joe Morris
44%
1986: 2 Giants Joe Morris
44%
1985: 4 Giants Joe Morris
44%
1981: 4 Eagles Wilbert Montgomery
44%
1983: 2 Falcons William Andrews
44%
1981: 7 Falcons William Andrews
44%
1980: 4 Falcons William Andrews
44%
1981: 9 Chargers Chuck Muncie
42%
1986: 9 Steelers Earnest Jackson
42%
1984: 8 Chargers Earnest Jackson
42%
1985: 5 Jets Freeman McNeil
42%
1982: 1 Jets Freeman McNeil
42%
1985: 10 Browns Kevin Mack
42%
1989: 7 Bengals James Brooks
37%
1986: 8 Bengals James Brooks
37%
1983: 9 Browns Mike Pruitt
35%
1980: 8 Browns Mike Pruitt
35%
1984: 5 49ers Wendell Tyler
35%
1982: 6 Bills Joe Cribbs
33%
1980: 6 Bills Joe Cribbs
33%
1985: 9 Patriots Craig James
30%
1989: 5 Saints Dalton Hilliard
26%
1989: 9 Rams Greg Bell
26%
1988: 4 Rams Greg Bell
26%
1988: 5 Patriots John Stephens
26%
1987: 5 Saints Rueben Mayes
23%
1986: 4 Saints Rueben Mayes
23%
1987: 4 Oilers Mike Rozier
19%
1987: 9 Cardinals Stump Mitchell
16%
1982: 7 Patriots Tony Collins
16%
1982: 3 Dolphins Andra Franklin
14%
1981: 10 Chiefs Joe Delaney
12%
1989: 8 Broncos Bobby Humphrey
9%
1980: 9 Falcons Lynn Cain
9%
No matching quizzes found
Score Distribution
Percent of People with Each Score
Percentile by Number Answered
Your Score History
You have not taken this quiz